000
00282nam a2200109Ia 4500
001
1276014
005
20260417160439.0
008
260417s9999 xx 000 0 und d
020
_a
9786257854436
245
0
_a
Bir Balina Bir Bavula Nasıl Sığar
_c
Guridi
260
_b
Ketebe Çocuk
999
_c
1276014
_d
1276014